KOHA-Header-6

Advertising Principles and Practice (Record no. 9958)

000 -LEADER
fixed length control field 00276nam a2200109Ia 4500
100 ## - MAIN ENTRY--AUTHOR NAME
Personal name William Wells
245 #0 - TITLE STATEMENT
Title Advertising Principles and Practice
260 ## - PUBLICATION, DISTRIBUTION, ETC. (IMPRINT)
Place of publication New Delhi
Name of publisher Person Hall
Year of publication 2005
300 ## - PHYSICAL DESCRIPTION
Number of Pages 594
942 ## - ADDED ENTRY ELEMENTS (KOHA)
Koha item type Books
Holdings
Withdrawn status Lost status Collection code Permanent Location Current Location Shelving location Date acquired Full call number Accession Number Koha item type
    Marketing MAJU MAJU   2019-09-14 621.382 6010 Marketing

Powered by Koha